Arab unity in terms of law (Record no. 425631)

000 -LEADER
fixed length control field 00421cam a22001457a 4500
008 - FIXED-LENGTH DATA ELEMENTS--GENERAL INFORMATION
fixed length control field 180718b1963 xxu||||| |||| 00| 0 eng d
082 ## - DEWEY DECIMAL CLASSIFICATION NUMBER
Classification number D7453 An12
100 ## - MAIN ENTRY--PERSONAL NAME
Personal name Anabtawi, Mundhir
245 ## - TITLE STATEMENT
Title Arab unity in terms of law
Statement of responsibility, etc. by Mundhir Anabtawi
260 ## - PUBLICATION, DISTRIBUTION, ETC.
Place of publication, distribution, etc. The Hague
Name of publisher, distributor, etc. M. Nijhoff
Date of publication, distribution, etc. 1963
300 ## - PHYSICAL DESCRIPTION
Extent xiv, 263p
650 ## - SUBJECT ADDED ENTRY--TOPICAL TERM
Topical term or geographic name entry element Arab countries --Politics and government
650 ## - SUBJECT ADDED ENTRY--TOPICAL TERM
Topical term or geographic name entry element Egypt
650 ## - SUBJECT ADDED ENTRY--TOPICAL TERM
Topical term or geographic name entry element League of Arab States
Holdings
Withdrawn status Lost status Damaged status Not for loan Permanent Location Current Location Date acquired Full call number Barcode Date last seen Price effective from Koha item type
        Indian Institute of Public Administration Indian Institute of Public Administration 2009-10-12 D7453 An12 35148 2018-07-21 2018-07-21 Book

Powered by Koha